000
00281nam a22001337a 4500
008
210518b ||||| |||| 00| 0 eng d
041
_a
eng
080
_a
91
082
_a
91
100
_a
44
101
_a
GJEO
245
_a
Population Dynamics
_c
Thomlinson,R
942
_2
udc
_c
BK
999
_c
57392
_d
57392